| 000 | 00714nam a2200205 4500 | ||
|---|---|---|---|
| 008 | 010827s1997 us 0 engYA | ||
| 020 | _a0804231338 | ||
| 090 |
_aBS491.2 _bIn8m _bHeb |
||
| 100 | 1 | _aLong, Thomas G. | |
| 245 | 1 | 0 |
_aHebrews / _cThomas G. Long, James Luther Mays, series editor. |
| 260 |
_aLouisville : _bJohn Knox Press, _cc1997. |
||
| 300 | _axii, 153 p. | ||
| 490 | 1 | _aInterpretation, a Bible commentary for teaching and preaching | |
| 504 | _aBiblio. : pp. 151-153. | ||
| 650 | 4 |
_aBible. N.T. Hebrews _xCommentaries. |
|
| 650 | 4 |
_aBible. N.T. Hebrews _xHomiletical use. |
|
| 700 | 1 | _aMays, James Luther | |
| 950 | 0 | _22.00 | |
| 951 |
_p20776 _oBS491.2/In8m/Heb _j070613110952890 _d2000-12-21 _cREF |
||
| 999 |
_c3489 _d3489 |
||